Normal view
MARC view
- Quraishī, ʻĀbid Ḥusain,
Entry Personal Name
001 - CONTROL NUMBER
- control field: 17352
003 - CONTROL NUMBER IDENTIFIER
- control field: NUST
005 - DATE AND TIME OF LATEST TRANSACTION
- control field: 20190711043308.0
008 - FIXED-LENGTH DATA ELEMENTS
- fixed length control field: 190711|| aca||aabn | a|a d
040 ## - CATALOGING SOURCE
- Original cataloging agency: NUST
- Transcribing agency: NUST
100 ## - HEADING--PERSONAL NAME
- Personal name: Quraishī, ʻĀbid Ḥusain,
- Dates associated with a name: 1946-
670 ## - SOURCE DATA FOUND
- Source citation: Work cat.: (NUST)0: Quraishī, ʻĀbid Ḥusain, 1946-, Pākistān men̲ muṣavvirī :, 2008.
